000 00368nam a2200145Ia 4500
008 230411s9999 xx 000 0 und d
020 _a81-8061-837-4
041 _aeng
082 _aOG/618.20107/JAC/B03947
100 _aJacob Annamma
245 _aMidwifery casebook
260 _bJaypee Brothers
_aNew Delhi
_c2006
300 _a422p
999 _c154729
_d154729